La tercera vía : (Registro nro. 7869)
[ vista simple ]
| 000 -LEADER | |
|---|---|
| fixed length control field | 02469nam a2200325Ia 4500 |
| 003 - CONTROL NUMBER IDENTIFIER | |
| control field | OSt |
| 005 - DATE AND TIME OF LATEST TRANSACTION | |
| control field | 20210521082650.0 |
| 008 - FIXED-LENGTH DATA ELEMENTS--GENERAL INFORMATION | |
| fixed length control field | 210310s2000 m gr 000 0ds d |
| 020 ## - INTERNATIONAL STANDARD BOOK NUMBER | |
| International Standard Book Number | 9681906977 |
| 040 ## - CATALOGING SOURCE | |
| Original cataloging agency | CO-JMCR |
| Transcribing agency | CO-JMCR |
| 041 1# - LANGUAGE CODE | |
| Language code of text/sound track or separate title | spa |
| Language code of original | eng |
| 082 04 - DEWEY DECIMAL CLASSIFICATION NUMBER | |
| Classification number | 335.5 / |
| Item number | G453t |
| Edition number | 23 |
| 100 1# - MAIN ENTRY--PERSONAL NAME | |
| Personal name | Giddens, Anthony, |
| 9 (RLIN) | 15679 |
| Relator term | autor |
| 245 13 - TITLE STATEMENT | |
| Title | La tercera vía : |
| Remainder of title | la renovación de la socialdemocracia / |
| Statement of responsibility, etc. | Anthony Giddens ; traducción de Pedro Cifuentes Huertas |
| 250 ## - EDITION STATEMENT | |
| Edition statement | Primera edición |
| 260 ## - PUBLICATION, DISTRIBUTION, ETC. | |
| Place of publication, distribution, etc. | Madrid : |
| Name of publisher, distributor, etc. | Tauros, |
| Date of publication, distribution, etc. | 2000 |
| 300 ## - PHYSICAL DESCRIPTION | |
| Extent | 198 páginas ; |
| Dimensions | 22 cm. |
| 490 0# - SERIES STATEMENT | |
| Series statement | Pensamiento |
| 500 ## - GENERAL NOTE | |
| General note | Incluye datos biográficos del autor.<br/>.Título original: The third way |
| 505 0# - FORMATTED CONTENTS NOTE | |
| Formatted contents note | El socialismo y su posteridad -- Cinco dilemas -- El Estado y la sociedad civil --El Estado social inversor -- Hacia la era global |
| 520 3# - SUMMARY, ETC. | |
| Summary, etc. | La idea de encontrar una "tercera vía" en política está siendo, desde hace tiempo, ampliamente debatida en Europa, Estados Unidos y Latinoamérica. ¿pero qué es la tercera vía? los defensores de esta teoría no han sido capaces llegar a un acuerdo, y sus detractores rechazan del todo esta noción. Anthony Giddens muestra que desarrollar una tercera vía en la política moderna es no sólo una posibilidad, sino una necesidad, y presenta la renovación de la socialdemocracia en un mundo en el que las ideas de la vieja izquierda han quedado obsoletas, mientras que las de la nueva derecha son inadecuadas y contradictorias. Un nuevo programa socialdemócrata está surgiendo: es sólido, de largo alcance y puede reavivar el idealismo político.<br/>"Tony Giddens, acaso el intelectual predilecto de Tony Blaor, han conseguido lo que muchos creían imposible: ha construido una definición sólida y convincente de la tercera vía. Es una intervención política importante y probablememnte muy significativa".<br/>"Tony Giddens ha elaborado la contribución más destacada hasta el momento para sentar las bases intelectuales de una postura renovada de centro-izquierda. Este libro será un hito. Es una obra pionera de vital interés para la formación del pensamiento polítco a ambos lados del Atlántico" |
| 546 ## - LANGUAGE NOTE | |
| Language note | Traducido del inglés. |
| 650 14 - SUBJECT ADDED ENTRY--TOPICAL TERM | |
| Topical term or geographic name entry element | Cambio social |
| 9 (RLIN) | 15681 |
| 650 24 - SUBJECT ADDED ENTRY--TOPICAL TERM | |
| Topical term or geographic name entry element | Tercera vía |
| 9 (RLIN) | 37750 |
| 650 24 - SUBJECT ADDED ENTRY--TOPICAL TERM | |
| Topical term or geographic name entry element | Socialismo |
| 9 (RLIN) | 37751 |
| 650 24 - SUBJECT ADDED ENTRY--TOPICAL TERM | |
| Topical term or geographic name entry element | Globalización |
| 9 (RLIN) | 37752 |
| 650 24 - SUBJECT ADDED ENTRY--TOPICAL TERM | |
| Topical term or geographic name entry element | Sociedad civil |
| 9 (RLIN) | 37753 |
| 700 1# - ADDED ENTRY--PERSONAL NAME | |
| Personal name | Cifuentes Huertas, Pedro, |
| Relator term | traductor |
| 9 (RLIN) | 37754 |
| 942 ## - ADDED ENTRY ELEMENTS (KOHA) | |
| Source of classification or shelving scheme | Dewey Decimal Classification |
| Koha item type | Books |
| Withdrawn status | Lost status | Source of classification or shelving scheme | Damaged status | Not for loan | Collection code | Home library | Current library | Date acquired | Source of acquisition | Total Checkouts | Full call number | Barcode | Date last seen | Date last checked out | Copy number | Koha item type |
|---|---|---|---|---|---|---|---|---|---|---|---|---|---|---|---|---|
| Dewey Decimal Classification | Non-fiction | Biblioteca Pública José María del Castillo y Rada | Biblioteca Pública José María del Castillo y Rada | 04/15/2018 | Donación | 1 | 335.5 / G453t | 430003773 | 05/16/2024 | 06/14/2022 | Ej.1 | Books |